[Event "Druzynowe Mistrzostwa Polski - II Liga S"]
[Site "Ustron/Slaski Zwiazek Szachowy"]
[Date "2008.09.07"]
[Round "2.57"]
[White "Janiszewski, Maciej"]
[Black "Flak, Pawel"]
[Result "0-1"]
[WhiteElo "2072"]
[BlackElo "2120"]
[PlyCount "171"]
[EventDate "2008.??.??"]

1. d4 b6 2. e4 Bb7 3. Nc3 e6 4. Nf3 Bb4 5. Bd3 Nf6 6. Bg5 h6 7. Bxf6 Qxf6 8.
O-O Bxc3 9. bxc3 d6 10. e5 Qe7 11. Re1 Nd7 12. exd6 Qxd6 13. Ne5 Nxe5 14. Rxe5
O-O-O 15. Qg4 c5 16. Rae1 cxd4 17. c4 g5 18. Qh5 Rd7 19. Rxg5 hxg5 20. Qxh8+
Kc7 21. Qe5 Qxe5 22. Rxe5 g4 23. Be2 Kd6 24. Rg5 f5 25. h3 gxh3 26. gxh3 Ke5
27. Rg6 Re7 28. h4 Be4 29. Bd1 Rh7 30. f3 Bb7 31. h5 Kf4 32. h6 Bxf3 33. Bxf3
Kxf3 34. Rxe6 Kg4 35. Rd6 Kg5 36. Kg2 Rxh6 37. Rxd4 Rh4 38. c3 Re4 39. Kf3 Re1
40. c5 bxc5 41. Rc4 Ra1 42. a4 Rf1+ 43. Kg3 Rg1+ 44. Kf3 Rf1+ 45. Ke3 Re1+ 46.
Kf3 Re5 47. a5 a6 48. Kg3 Rd5 49. Kf3 Kf6 50. Kf4 Ke6 51. Kg5 Kd6 52. Kf6 Rd3
53. Kxf5 Kd5 54. Rh4 Rf3+ 55. Kg5 Rxc3 56. Rh6 Kc4 57. Rxa6 Kb5 58. Ra8 Ra3 59.
Rb8+ Kxa5 60. Kf4 Rd3 61. Ke4 c4 62. Rb1 Ka4 63. Rb8 Rd7 64. Ke3 Ka3 65. Rc8
Kb3 66. Rb8+ Kc3 67. Ke2 Kc2 68. Re8 c3 69. Re6 Rd4 70. Re8 Kb3 71. Rb8+ Rb4
72. Rc8 Kc2 73. Re8 Rd4 74. Re7 Kb2 75. Rb7+ Ka3 76. Rc7 Kb2 77. Rb7+ Kc1 78.
Rc7 c2 79. Rb7 Re4+ 80. Kd3 Kd1 81. Kxe4 c1=Q 82. Rd7+ Ke2 83. Ke5 Ke3 84. Re7
Qc5+ 85. Kf6+ Kf4 86. Rf7 0-1

[Event "Druzynowe Mistrzostwa Polski - II Liga S"]
[Site "Ustron/Slaski Zwiazek Szachowy"]
[Date "2008.09.07"]
[Round "2.58"]
[White "Wypych, Dominik"]
[Black "Paczkowski, Adam"]
[Result "0-1"]
[WhiteElo "2085"]
[BlackElo "2030"]
[PlyCount "91"]
[EventDate "2008.??.??"]

1. d4 Nf6 2. c4 g6 3. Nc3 Bg7 4. e4 d6 5. Be2 O-O 6. Bg5 h6 7. Be3 c5 8. d5 a6
9. a4 Qa5 10. Bd2 e6 11. h3 exd5 12. exd5 Re8 13. Nf3 Qc7 14. O-O Bf5 15. Nh4
Bd7 16. Bd3 Re7 17. Qf3 Kh7 18. g4 Be8 19. g5 hxg5 20. Bxg5 Nbd7 21. Rfe1 Rxe1+
22. Rxe1 Kg8 23. Re7 Qd8 24. Re3 Qb6 25. Qe2 Ne5 26. Bb1 Qb4 27. Ba2 Bxa4 28.
f4 Ned7 29. Nf3 b5 30. Nxa4 Qxa4 31. Ra3 Qb4 32. cxb5 Re8 33. Qc2 axb5 34. Rb3
Qa4 35. Qb1 c4 36. Ra3 Qb4 37. Qc2 Nxd5 38. f5 Qxb2 39. Qxb2 Bxb2 40. Ra7 Ne5
41. Kg2 Nxf3 42. Kxf3 gxf5 43. Bb1 Kg7 44. Rd7 Bc3 45. h4 Kg6 46. Ra7 0-1

. Ra7 0-1

[Event "Druzynowe Mistrzostwa Polski - II Liga S"]
[Site "Ustron/Slaski Zwiazek Szachowy"]
[Date "2008.09.07"]
[Round "2.59"]
[White "Matuszczyk, Krystian"]
[Black "Kurkowski, Zbigniew"]
[Result "1/2-1/2"]
[WhiteElo "1992"]
[BlackElo "2113"]
[PlyCount "149"]
[EventDate "2008.??.??"]

1. e4 c5 2. Nf3 d6 3. d4 cxd4 4. Nxd4 Nf6 5. Nc3 a6 6. Bc4 e6 7. Bb3 Nbd7 8. a3
Nc5 9. Ba2 Nfxe4 10. Nxe4 Nxe4 11. O-O Be7 12. Re1 d5 13. c4 Nf6 14. cxd5 Nxd5
15. Nf5 exf5 16. Bxd5 O-O 17. Qf3 Bc5 18. Bf4 Qb6 19. b4 Bd4 20. Rad1 Be6 21.
Bg3 Rac8 22. Rc1 Bb2 23. Rxc8 Rxc8 24. Qb3 Rc1 25. Rxc1 Bxc1 26. Qc2 Bg5 27.
Bc7 Qd4 28. Bf3 Qa1+ 29. Qd1 Qxd1+ 30. Bxd1 Bd5 31. f4 Bf6 32. Bb6 Kf8 33. g3
Ke7 34. Kf2 Bb2 35. a4 Ba3 36. Bc5+ Kd7 37. a5 Bb2 38. h3 Bc3 39. g4 fxg4 40.
hxg4 Bd2 41. f5 Bf4 42. Ba4+ Kc7 43. b5 axb5 44. Bxb5 Bd2 45. Bb6+ Kd6 46. a6
bxa6 47. Bxa6 Bb4 48. Kg3 Ke5 49. Bc7+ Ke4 50. Bc8 Be1+ 51. Kh3 Bc3 52. g5 Bc4
53. Bg3 Bf1+ 54. Kh4 Be5 55. Be1 Be2 56. Bf2 Bf4 57. Be1 f6 58. gxf6 gxf6 59.
Be6 Bg5+ 60. Kg3 h5 61. Bd7 Bg4 62. Bc6+ Kd4 63. Be8 Be2 64. Bd7 Ke4 65. Bc3
h4+ 66. Kh3 Kf3 67. Bc6+ Kf4 68. Bd7 Bg4+ 69. Kh2 Bxf5 70. Bxf5 Kxf5 71. Bxf6
Bxf6 72. Kg2 Kg4 73. Kh1 h3 74. Kg1 Bd4+ 75. Kh1 1/2-1/2

[Event "Druzynowe Mistrzostwa Polski - II Liga S"]
[Site "Ustron/Slaski Zwiazek Szachowy"]
[Date "2008.09.07"]
[Round "2.61"]
[White "Walach, Marcin"]
[Black "Krogulski, Grzegorz"]
[Result "1/2-1/2"]
[WhiteElo "2410"]
[BlackElo "2316"]
[PlyCount "43"]
[EventDate "2008.??.??"]

1. e4 d5 2. exd5 Qxd5 3. Nc3 Qa5 4. d4 Nf6 5. Nf3 Bg4 6. h3 Bh5 7. g4 Bg6 8.
Ne5 c6 9. Bd2 Qb6 10. Nxg6 hxg6 11. Qf3 e6 12. O-O-O Nbd7 13. Bf4 Bb4 14. Bc4
Qa5 15. Bd2 Nb6 16. Bb3 Nbd5 17. Nb1 Bxd2+ 18. Nxd2 Qc7 19. c4 Nf4 20. g5 N6h5
21. Ne4 O-O 22. c5 1/2-1/2

[Event "Druzynowe Mistrzostwa Polski - II Liga S"]
[Site "Ustron/Slaski Zwiazek Szachowy"]
[Date "2008.09.07"]
[Round "2.62"]
[White "Sygulski, Boguslaw"]
[Black "Jablonka, Krzysztof"]
[Result "1-0"]
[WhiteElo "2242"]
[BlackElo "2049"]
[PlyCount "85"]
[EventDate "2008.??.??"]

1. e4 e6 2. d4 d5 3. Nc3 dxe4 4. Nxe4 Nf6 5. Nxf6+ Qxf6 6. Nf3 h6 7. Bd3 Bd6 8.
Qe2 Nc6 9. c3 Bd7 10. Nd2 O-O-O 11. Ne4 Qe7 12. f4 f5 13. Nxd6+ Qxd6 14. Bd2
Ne7 15. O-O-O Nd5 16. g3 Rdg8 17. Qe5 Qxe5 18. fxe5 Bc6 19. Rhf1 g5 20. c4 Ne7
21. Bb4 Ng6 22. d5 Bd7 23. dxe6 Bxe6 24. Bxf5 Bxf5 25. Rxf5 Re8 26. Bc3 Re6 27.
Kc2 Rhe8 28. Re1 c5 29. a3 Ne7 30. Rf6 Nc6 31. Rxe6 Rxe6 32. Kd3 Kd7 33. Ke4
Ne7 34. Rd1+ Kc6 35. Rd8 b5 36. cxb5+ Kxb5 37. Rd6 Rxd6 38. exd6 Nc6 39. d7 Kb6
40. Bf6 Kc7 41. d8=Q+ Nxd8 42. Bxd8+ Kxd8 43. Kd5 1-0

[Event "Druzynowe Mistrzostwa Polski - II Liga S"]
[Site "Ustron/Slaski Zwiazek Szachowy"]
[Date "2008.09.07"]
[Round "2.63"]
[White "Michalczyk, Stanislaw"]
[Black "Bec, Slawomir"]
[Result "1/2-1/2"]
[WhiteElo "2094"]
[BlackElo "1782"]
[PlyCount "27"]
[EventDate "2008.??.??"]

1. e4 c5 2. c3 d5 3. exd5 Qxd5 4. d4 Nc6 5. Nf3 Bg4 6. Be2 e6 7. Na3 cxd4 8.
Nb5 Rc8 9. Nbxd4 Nxd4 10. Nxd4 Bxe2 11. Qxe2 Ne7 12. O-O Nc6 13. Be3 Bc5 14.
Rfd1 1/2-1/2

1 1/2-1/2

[Event "Druzynowe Mistrzostwa Polski - II Liga S"]
[Site "Ustron/Slaski Zwiazek Szachowy"]
[Date "2008.09.07"]
[Round "2.64"]
[White "Czarnecki, Wojciech"]
[Black "Zawierucha, Aleksander"]
[Result "1-0"]
[WhiteElo "2056"]
[BlackElo "2095"]
[PlyCount "99"]
[EventDate "2008.??.??"]

1. d4 Nf6 2. Nf3 d6 3. g3 Nbd7 4. Bg2 c6 5. O-O e5 6. c4 Be7 7. Nc3 O-O 8. b4
a5 9. b5 Qc7 10. bxc6 bxc6 11. Ba3 Nb6 12. c5 dxc5 13. Nxe5 Bb7 14. Na4 Nxa4
15. Qxa4 cxd4 16. Bxe7 Qxe7 17. Nxc6 Bxc6 18. Bxc6 Rad8 19. Bf3 d3 20. Qxa5
dxe2 21. Rfe1 Nd7 22. Bxe2 Qf6 23. Bg4 Nb6 24. Qe5 Qc6 25. Qf4 Rfe8 26. Rec1
Qb5 27. Rab1 Qa5 28. Qc7 Rb8 29. Kg2 Qg5 30. Bf3 Rbc8 31. h4 Qh6 32. Qf4 Qxf4
33. gxf4 Rb8 34. Rc7 h6 35. Rb4 Nd7 36. Rxb8 Nxb8 37. Bd5 Rf8 38. Bc4 Rd8 39.
Rxf7 Kh8 40. Rc7 Nd7 41. Be6 Nf8 42. Bf5 Rd5 43. Be4 Ra5 44. Rc8 Kg8 45. Ra8
Rc5 46. Bg6 Rc4 47. Kg3 Rc1 48. h5 Rc3+ 49. f3 Rc1 50. a4 1-0

[Event "Druzynowe Mistrzostwa Polski - II Liga S"]
[Site "Ustron/Slaski Zwiazek Szachowy"]
[Date "2008.09.07"]
[Round "2.66"]
[White "Sygulska, Anna"]
[Black "Gonsior, Monika"]
[Result "0-1"]
[WhiteElo "1902"]
[BlackElo "2131"]
[PlyCount "70"]
[EventDate "2008.??.??"]

1. c4 e5 2. Nc3 Nc6 3. g3 g6 4. Bg2 Bg7 5. d3 Nge7 6. Nf3 O-O 7. O-O d6 8. Bd2
h6 9. Rb1 a5 10. a3 g5 11. b4 axb4 12. axb4 Ng6 13. Nd5 f5 14. b5 Nce7 15. Ne1
Kh7 16. e3 g4 17. f4 h5 18. Nc2 h4 19. Nxe7 Qxe7 20. e4 h3 21. Bh1 exf4 22.
Bxf4 Nxf4 23. Rxf4 Bh6 24. Rf2 f4 25. gxf4 Bxf4 26. Qf1 Qe5 27. Qe2 Ra2 28. d4
Qg5 29. Kf1 Rf6 30. Qd3 Kg7 31. Ke2 Bxh2 32. Rxh2 g3 33. Rg1 Bg4+ 34. Bf3 Bxf3+
35. Qxf3 Rxc2+ 0-1

[Event "Druzynowe Mistrzostwa Polski - II Liga S"]
[Site "Ustron/Slaski Zwiazek Szachowy"]
[Date "2008.09.07"]
[Round "2.67"]
[White "Latas, Boguslaw"]
[Black "Gralka, Julian"]
[Result "1/2-1/2"]
[WhiteElo "2299"]
[BlackElo "2268"]
[PlyCount "35"]
[EventDate "2008.??.??"]

1. Nf3 Nf6 2. g3 d5 3. Bg2 c6 4. O-O Bf5 5. d3 e6 6. c4 Be7 7. Qb3 Qb6 8. Nc3
Nbd7 9. Qxb6 Nxb6 10. b3 h6 11. Bb2 O-O 12. Rac1 a5 13. Nb1 Nbd7 14. Ba3 Bxa3
15. Nxa3 Bh7 16. Nb1 Rfe8 17. Nc3 Rad8 18. Rb1 1/2-1/2

[Event "Druzynowe Mistrzostwa Polski - II Liga S"]
[Site "Ustron/Slaski Zwiazek Szachowy"]
[Date "2008.09.07"]
[Round "2.68"]
[White "Mazalon, Mariusz"]
[Black "Kuziola, Mateusz"]
[Result "0-1"]
[WhiteElo "2148"]
[BlackElo "2309"]
[PlyCount "82"]
[EventDate "2008.??.??"]

1. d4 f5 2. Nf3 Nf6 3. g3 g6 4. Bg2 Bg7 5. O-O O-O 6. c4 d6 7. b4 e5 8. dxe5
Nfd7 9. Bb2 Nc6 10. b5 Ncxe5 11. Nxe5 dxe5 12. Qc2 e4 13. Bxg7 Kxg7 14. Nd2 Qf6
15. f4 Nc5 16. Nb3 Be6 17. Kh1 Nxb3 18. axb3 Rfd8 19. h4 Qd4 20. Rfd1 Qe3 21.
Kh2 Kf7 22. Qb2 Rd6 23. Rxd6 cxd6 24. Rd1 Rd8 25. Qa3 Ke7 26. Qb2 Kf7 27. Qa3
Ke7 28. Qb2 Bf7 29. Ra1 h6 30. Qg7 h5 31. Qb2 Rd7 32. Rd1 a6 33. bxa6 bxa6 34.
Rc1 Qc5 35. b4 Rb7 36. b5 axb5 37. cxb5 Rxb5 38. Qa1 Qb6 39. Rc8 Rb2 40. Qa4
Rxe2 41. Ra8 Ra2 0-1

[Event "Druzynowe Mistrzostwa Polski - II Liga Seniorow"]
[Site "Ustron/Slaski Zwiazek Szachowy"]
[Date "2008.09.07"]
[Round "2.69"]
[White "Kolago, Marcin"]
[Black "Olszewski, Marek"]
[Result "1-0"]
[WhiteTitle "m"]
[BlackTitle "k+"]
[WhiteElo "2340"]
[BlackElo "2151"]

1.e4 Nc6 2.Nc3 Nf6 3.d4 d5 4.e5 Ng8 5.Nge2 e6 6.Be3 Nge7 7.Ng3
Nf5 8.Nxf5 exf5 9.Qf3 Be6 10.Qg3 Qd7 11.O-O-O O-O-O 12.h4 Kb8
13.Ne2 Na5 14.Nf4 b6 15.Be2 Qa4 16.Kb1 g6 17.h5 Rg8 18.hxg6 hxg6
19.Rh7 c5 20.dxc5 bxc5 21.Qg5 Qe8 22.Nxe6 fxe6 23.Bb5 Be7 24.Qxe7 1-0

[Event "Druzynowe Mistrzostwa Polski - II Liga S"]
[Site "Ustron/Slaski Zwiazek Szachowy"]
[Date "2008.09.07"]
[Round "2.70"]
[White "Wozniak, Marcin"]
[Black "Seifert, Henryk"]
[Result "1/2-1/2"]
[WhiteElo "2130"]
[BlackElo "2235"]
[PlyCount "42"]
[EventDate "2008.??.??"]

1. c4 c5 2. Nc3 Nf6 3. e4 Nc6 4. g3 d6 5. Bg2 g6 6. d3 Bg7 7. Nge2 Bd7 8. h3 a6
9. Be3 Rb8 10. a4 e5 11. Rb1 O-O 12. O-O Nd4 13. b4 b6 14. f4 Nh5 15. Bxd4 cxd4
16. Nd5 Nf6 17. Nxf6+ Bxf6 18. b5 Be7 19. Kh2 a5 20. Qd2 Kg7 21. Ng1 f6 1/2-1/2

[Event "Druzynowe Mistrzostwa Polski - II Liga Seniorow"]
[Site "Ustron/Slaski Zwiazek Szachowy"]
[Date "2008.09.07"]
[Round "2.71"]
[White "Sapeta, Robert"]
[Black "Starzynski, Waldemar"]
[Result "0-1"]
[WhiteTitle "I++"]
[BlackTitle "I+"]
[WhiteElo "2122"]
[BlackElo "1866"]

1.d4 e6 2.e4 d5 3.e5 c5 4.Qg4 Nc6 5.Nf3 cxd4 6.Bd3 Nb4 7.O-O
Nxd3 8.cxd3 Bd7 9.Nxd4 h5 10.Qg3 g6 11.Nc3 a6 12.Re1 h4 13.Qg4
Qa5 14.a3 Rh5 15.Nf3 Be7 16.b4 Qd8 17.Nd4 Nh6 18.Bxh6 Rxh6 19.Rac1
Rc8 20.Nb3 Qb6 21.h3 Rh5 22.Nxd5 Rxc1 23.Nxb6 Rxe1+ 24.Kh2 Rg5
25.Qf4 Bc6 26.f3 Re2 27.Qd4 Rgxg2+ 28.Kh1 Bxf3 0-1

[Event "Druzynowe Mistrzostwa Polski - II Liga S"]
[Site "Ustron/Slaski Zwiazek Szachowy"]
[Date "2008.09.07"]
[Round "2.72"]
[White "Wesolowska, Edyta"]
[Black "Wesolowska, Hanna"]
[Result "1-0"]
[WhiteElo "1943"]
[BlackElo "2054"]
[PlyCount "73"]
[EventDate "2008.??.??"]

1. d4 d5 2. c4 dxc4 3. Nf3 a6 4. e4 b5 5. a4 Bb7 6. e5 e6 7. Be2 Bb4+ 8. Bd2
Bxd2+ 9. Qxd2 Ne7 10. Na3 Bd5 11. O-O c6 12. Ng5 Nd7 13. f4 Rb8 14. Nc2 h6 15.
Nh3 Nb6 16. a5 Na4 17. g4 Nxb2 18. f5 exf5 19. gxf5 Be4 20. f6 Bxc2 21. fxe7
Qxe7 22. Qf4 Qe6 23. Bg4 Nd3 24. Qg3 Qd5 25. e6 Qxd4+ 26. Kh1 Qe5 27. Qg2 Qd5
28. exf7+ Ke7 29. Bf3 Qe6 30. Bxc6 Rhd8 31. Bf3 Kf8 32. Ra2 Ne1 33. Nf4 Qe3 34.
Qg3 Nd3 35. Ng6+ Kxf7 36. Bd5+ Ke8 37. Qxe3+ 1-0

[Event "Druzynowe Mistrzostwa Polski - II Liga S"]
[Site "Ustron/Slaski Zwiazek Szachowy"]
[Date "2008.09.07"]
[Round "2.73"]
[White "Shkapenko, Pavel"]
[Black "Steczek, Marcin"]
[Result "1-0"]
[WhiteElo "2404"]
[BlackElo "2342"]
[PlyCount "103"]
[EventDate "2008.??.??"]

1. e4 Nf6 2. e5 Nd5 3. d4 d6 4. Be2 dxe5 5. dxe5 Nc6 6. Nf3 Bg4 7. c3 Nb6 8.
Qb3 Qd5 9. Bf4 e6 10. Nbd2 O-O-O 11. Qxd5 Nxd5 12. Bg3 h6 13. Nc4 Bc5 14. Nfd2
Bf5 15. a4 Nb6 16. Nxb6+ axb6 17. Nc4 Na5 18. b4 Nxc4 19. Bxc4 Be7 20. Ke2 c6
21. f3 Rd7 22. Rhd1 Rhd8 23. Rxd7 Rxd7 24. Bf2 Bd8 25. g4 Bh7 26. Be3 Bc7 27.
f4 Rd8 28. h4 Be4 29. h5 Re8 30. Bd3 Bxd3+ 31. Kxd3 Rf8 32. Ke4 f5+ 33. exf6
Rxf6 34. Rf1 Rf7 35. Bd4 Bd6 36. Be5 Be7 37. Rg1 Bf8 38. Rf1 Kd8 39. f5 Ke8 40.
b5 cxb5 41. axb5 Be7 42. Ra1 exf5+ 43. gxf5 Bd8 44. Ra8 Rd7 45. f6 gxf6 46.
Bxf6 Rd1 47. Rxd8+ Rxd8 48. Bxd8 Kxd8 49. Kf5 Ke7 50. Kg6 Ke6 51. Kxh6 Kf6 52.
c4 1-0

[Event "Druzynowe Mistrzostwa Polski - II Liga S"]
[Site "Ustron/Slaski Zwiazek Szachowy"]
[Date "2008.09.07"]
[Round "2.74"]
[White "Walaszczyk, Witold"]
[Black "Kos, Pawel"]
[Result "0-1"]
[WhiteElo "2247"]
[BlackElo "2275"]
[PlyCount "96"]
[EventDate "2008.??.??"]

1. d4 Nf6 2. Nf3 g6 3. c4 Bg7 4. g3 d5 5. cxd5 Nxd5 6. Bg2 O-O 7. O-O Nc6 8.
Nc3 Nb6 9. e3 e5 10. dxe5 Nxe5 11. Nxe5 Bxe5 12. Qc2 c6 13. e4 Bg7 14. b3 a5
15. Be3 Nd7 16. Rad1 Qe7 17. Na4 Re8 18. h3 Rb8 19. Nb6 Nxb6 20. Bxb6 Qb4 21.
Bc7 Ra8 22. e5 a4 23. Bd6 axb3 24. axb3 Qb6 25. Bc5 Qb5 26. f4 Be6 27. b4 Ra2
28. Qb1 b6 29. Bf2 Bf8 30. Rc1 Rc8 31. Be1 Rxg2+ 32. Kxg2 Bxh3+ 33. Kxh3 Qxf1+
34. Kh2 Qe2+ 35. Kg1 c5 36. Bf2 c4 37. Bxb6 c3 38. Bd4 c2 39. Qb2 Qd1+ 40. Kg2
Bxb4 41. e6 Qd2+ 42. Bf2 fxe6 43. Qf6 Qd5+ 44. Kh2 Qf5 45. Qb2 Bd2 46. Qb7 Rc4
47. Qa8+ Qf8 48. Qa2 Qc8 0-1

[Event "Druzynowe Mistrzostwa Polski - II Liga S"]
[Site "Ustron/Slaski Zwiazek Szachowy"]
[Date "2008.09.07"]
[Round "2.76"]
[White "Swiatnicki, Andrzej"]
[Black "Kalinowski, Roman"]
[Result "0-1"]
[WhiteElo "2192"]
[BlackElo "2225"]
[PlyCount "52"]
[EventDate "2008.??.??"]

1. e4 e6 2. d4 d5 3. e5 c5 4. c3 Qb6 5. Nf3 Nc6 6. Bd3 Bd7 7. O-O cxd4 8. cxd4
Nxd4 9. Nxd4 Qxd4 10. Qe2 Qb6 11. Kh1 Ne7 12. Nc3 a6 13. f4 g6 14. Rb1 Nc6 15.
b4 Nxb4 16. Be3 Qd8 17. Bd4 Be7 18. f5 gxf5 19. Bxf5 Nc6 20. Bb6 Qb8 21. Bc2
Qxe5 22. Qf3 Qg7 23. Rbe1 O-O 24. Qh3 f5 25. Re3 f4 26. Ref3 Bg5 0-1

[Event "Druzynowe Mistrzostwa Polski - II Liga S"]
[Site "Ustron/Slaski Zwiazek Szachowy"]
[Date "2008.09.07"]
[Round "2.77"]
[White "Bartoszek, Henryk"]
[Black "Rupental, Janusz"]
[Result "1-0"]
[WhiteElo "1981"]
[BlackElo "2027"]
[PlyCount "101"]
[EventDate "2008.??.??"]

1. d4 Nf6 2. c4 g6 3. Nc3 Bg7 4. e4 d6 5. h3 O-O 6. Nf3 Nbd7 7. Be3 e5 8. d5
Nh5 9. Qd2 a6 10. Bh6 Qe8 11. Bxg7 Kxg7 12. Be2 Nf4 13. g3 Nxe2 14. Qxe2 Nf6
15. Nd2 Nh5 16. O-O-O Bd7 17. Rdg1 b5 18. Qe3 bxc4 19. Nxc4 Bb5 20. Na3 c6 21.
f4 Rc8 22. Kb1 cxd5 23. Naxb5 d4 24. Nxd4 exd4 25. Qxd4+ Kg8 26. Nd5 Rc5 27. g4
Rxd5 28. exd5 Ng7 29. Re1 Qd8 30. Qd3 a5 31. f5 Ne8 32. Rhf1 Qg5 33. fxg6 hxg6
34. Qf3 Nc7 35. Rd1 a4 36. a3 Nb5 37. Rd3 Qe7 38. Re3 Qb7 39. Rd3 Rb8 40. Qf6
Rf8 41. h4 Nc7 42. Rfd1 Rb8 43. h5 Ne8 44. Qd4 g5 45. R3d2 Qd7 46. h6 f6 47.
Ka1 Rb3 48. Qe4 Rg3 49. Qg6+ Kf8 50. Rh1 Qxg4 51. Rdd1 1-0

[Event "Druzynowe Mistrzostwa Polski - II Liga S"]
[Site "Ustron/Slaski Zwiazek Szachowy"]
[Date "2008.09.07"]
[Round "2.79"]
[White "Wieclaw, Michal"]
[Black "Flis, Jacek"]
[Result "1-0"]
[WhiteElo "2220"]
[BlackElo "2302"]
[PlyCount "63"]
[EventDate "2008.??.??"]

1. e4 c5 2. Nf3 e6 3. d4 cxd4 4. Nxd4 Nc6 5. Nc3 Qc7 6. Be2 a6 7. O-O Nf6 8.
Kh1 d6 9. f4 Be7 10. Be3 O-O 11. Qe1 Bd7 12. Qg3 b5 13. a3 Rac8 14. Rad1 Nxd4
15. Bxd4 Bc6 16. Bf3 Qb7 17. Rfe1 Rfd8 18. Nd5 Ne8 19. Nxe7+ Qxe7 20. Bc3 Rd7
21. Rd3 Qd8 22. Red1 Ba8 23. h3 h6 24. f5 Qg5 25. Qxg5 hxg5 26. fxe6 fxe6 27.
Bg4 Re7 28. e5 dxe5 29. Bb4 e4 30. Bxe7 exd3 31. Bxe6+ Kh7 32. Bxc8 1-0

[Event "Druzynowe Mistrzostwa Polski - II Liga S"]
[Site "Ustron/Slaski Zwiazek Szachowy"]
[Date "2008.09.07"]
[Round "2.80"]
[White "Ciesla, Adam"]
[Black "Kaczmarek, Piotr"]
[Result "1-0"]
[WhiteElo "2291"]
[BlackElo "1935"]
[PlyCount "41"]
[EventDate "2008.??.??"]

1. e4 c5 2. Nf3 Nc6 3. c3 e5 4. Bc4 g6 5. d4 cxd4 6. cxd4 exd4 7. Nxd4 Bg7 8.
Nb5 Be5 9. N1c3 a6 10. Nd6+ Bxd6 11. Qxd6 Qf6 12. Qg3 Nge7 13. Bg5 Qg7 14. Qh4
Qf8 15. Bh6 Qg8 16. Qf6 b5 17. Bd5 Bb7 18. Bxc6 Bxc6 19. Bg7 O-O-O 20. Bxh8 b4
21. Qxe7 1-0

[Event "Druzynowe Mistrzostwa Polski - II Liga S"]
[Site "Ustron/Slaski Zwiazek Szachowy"]
[Date "2008.09.07"]
[Round "2.81"]
[White "Bernat, Marcin"]
[Black "Klekowski, Maciej"]
[Result "1-0"]
[WhiteElo "2200"]
[BlackElo "2197"]
[PlyCount "72"]
[EventDate "2008.??.??"]

1. d4 d5 2. c4 e6 3. Nc3 Nf6 4. Bg5 Be7 5. e3 h6 6. Bh4 b6 7. Nf3 Bb7 8. Bxf6
Bxf6 9. cxd5 exd5 10. Qb3 O-O 11. Rd1 c6 12. Bd3 Nd7 13. O-O Be7 14. e4 dxe4
15. Nxe4 Qc7 16. Rfe1 Rae8 17. Bb1 g6 18. h4 Kg7 19. h5 Qf4 20. Qd3 Qg4 21.
hxg6 fxg6 22. Neg5 Rf6 23. Re4 Qf5 24. Qe3 Kf8 25. Nh7+ Kf7 26. Nxf6 Nxf6 27.
Rf4 Qd5 28. Ne5+ Kg7 29. Bxg6 Rf8 30. Bd3 Rg8 31. Bc4 Qd6 32. Bxg8 Kxg8 33.
Qg3+ Kf8 34. Qg6 Qe6 35. Re1 c5 36. Qxh6+ Kg8 1-0

[Event "Druzynowe Mistrzostwa Polski - II Liga S"]
[Site "Ustron/Slaski Zwiazek Szachowy"]
[Date "2008.09.07"]
[Round "2.82"]
[White "Piesik, Piotr"]
[Black "Szuminski, Marek"]
[Result "1-0"]
[WhiteElo "2150"]
[BlackElo "2062"]
[PlyCount "99"]
[EventDate "2008.??.??"]

1. Nf3 d5 2. g3 Nf6 3. Bg2 c6 4. O-O Bf5 5. d3 h6 6. Nbd2 e6 7. Qe1 Bh7 8. e4
Be7 9. Qe2 O-O 10. b3 Qc7 11. Bb2 a5 12. a4 Na6 13. e5 Nd7 14. Ne1 b5 15. f4
Rae8 16. Nef3 f6 17. Kh1 Nb4 18. Nd4 Bc5 19. N2f3 fxe5 20. fxe5 bxa4 21. Rxa4
Rf7 22. Bh3 Nf8 23. Rfa1 Bb6 24. Bc3 Qd7 25. Bxb4 Bxd4 26. Nxd4 axb4 27. Ra5
Qb7 28. Ra6 Rc7 29. Qd2 Bg6 30. R1a4 Qc8 31. c3 bxc3 32. Qxc3 Qd7 33. Rxc6 Rec8
34. Rxc7 Rxc7 35. Qd2 Qc8 36. Ra1 Rc3 37. Ra8 Rc1+ 38. Kg2 Qxa8 39. Qxc1 Qa6
40. Qc3 Bxd3 41. Kg1 Be4 42. b4 Qa2 43. b5 Qb1+ 44. Bf1 Bg6 45. Qe3 Qe4 46.
Qxe4 dxe4 47. b6 Nd7 48. b7 Nb8 49. Bb5 e3 50. Nc6 1-0

[Event "Druzynowe Mistrzostwa Polski - II Liga Seniorow"]
[Site "Ustron/Slaski Zwiazek Szachowy"]
[Date "2008.09.07"]
[Round "2.83"]
[White "Piechota, Pawel"]
[Black "Palacz, Krzysztof"]
[Result "1-0"]
[WhiteTitle "I"]
[BlackTitle "I+"]
[WhiteElo "1965"]
[BlackElo "2095"]

1.d4 Nf6 2.c4 g6 3.Nc3 Bg7 4.e4 d6 5.f3 O-O 6.Be3 c6 7.Qd2 a6
8.a4 a5 9.Nge2 Na6 10.g4 e5 11.d5 cxd5 12.Nxd5 Nxd5 13.cxd5 f5
14.gxf5 gxf5 15.Bg5 Qb6 16.Be3 Qb4 17.Qxb4 Nxb4 18.Kd2 fxe4 19.fxe4
Rf3 20.Rd1 Bg4 21.Rg1 Bh5 22.Ng3 Bg6 23.Bg2 Rff8 24.Rc1 Rac8
25.Bh3 Rxc1 26.Rxc1 Na6 27.Rc8 Nc5 28.Bxc5 dxc5 29.Be6+ Bf7 30.Rxc5
Bxe6 31.dxe6 Re8 32.Rxa5 Rxe6 33.Nf5 Bf8 34.Rb5 b6 35.b4 Rg6
36.Kd3 Rg2 37.Rxb6 Rxh2 38.a5 Ra2 39.a6 Bxb4 40.Rxb4 Rxa6 41.Rb7
Ra1 42.Kc4 Rd1 43.Rg7+ Kh8 44.Rg4 Rd2 45.Kc5 Rd1 46.Nd6 h5 47.Rh4
Kg7 48.Rxh5 Kf6 49.Rf5+ Ke6 50.Nc4 Rc1 51.Rxe5+ Kd7 52.Rh5 Ke6
53.Rh6+ Ke7 54.Kd5 1-0

[Event "Druzynowe Mistrzostwa Polski - II Liga S"]
[Site "Ustron/Slaski Zwiazek Szachowy"]
[Date "2008.09.07"]
[Round "2.84"]
[White "Pacak, Patrycja"]
[Black "Sikorska, Agata"]
[Result "0-1"]
[WhiteElo "1771"]
[BlackElo "2108"]
[PlyCount "100"]
[EventDate "2008.??.??"]

1. f4 d5 2. Nf3 Nf6 3. e3 c5 4. b3 Nc6 5. Bb2 Bg4 6. Be2 e6 7. O-O Bxf3 8. Bxf3
Bd6 9. Qe1 Qe7 10. d3 O-O 11. Qh4 e5 12. Kh1 d4 13. g4 dxe3 14. g5 e2 15. Re1
Ne8 16. Nc3 Nd4 17. Nd5 Qe6 18. Bxd4 cxd4 19. Rxe2 f6 20. Rg1 g6 21. Rg3 fxg5
22. Rxg5 Ng7 23. Rexe5 Bxe5 24. Rxe5 Qd6 25. Ne7+ Kh8 26. Rd5 Qb6 27. f5 gxf5
28. Rd7 Rae8 29. Bxb7 Rf6 30. Nd5 Rh6 31. Nxb6 Rxh4 32. Nc4 Nh5 33. Bf3 Nf4 34.
Kg1 Rg8+ 35. Kf1 Rxh2 36. Ne5 Re8 37. Rd8 Rxd8 38. Nf7+ Kg7 39. Nxd8 Rxc2 40.
Nc6 Rxa2 41. Nxd4 Kf6 42. b4 Ra1+ 43. Kf2 Nxd3+ 44. Kg3 Nxb4 45. Nb5 a5 46. Be2
a4 47. Bc4 a3 48. Kf4 a2 49. Bxa2 Rxa2 50. Nd4 Nd5+ 0-1

[Event "Druzynowe Mistrzostwa Polski - II Liga Seniorow"]
[Site "Ustron/Slaski Zwiazek Szachowy"]
[Date "2008.09.07"]
[Round "2.85"]
[White "Banasik, Krzysztof"]
[Black "Czyz, Artur"]
[Result "1-0"]
[WhiteTitle "k"]
[BlackTitle "I+"]
[WhiteElo "2215"]
[BlackElo "2081"]

1.e4 d6 2.Nc3 Nf6 3.g3 g6 4.Bg2 Bg7 5.Nge2 c5 6.d3 O-O 7.O-O
Nc6 8.h3 Rb8 9.f4 Bd7 10.Be3 b5 11.Qd2 b4 12.Nd1 Qc7 13.g4 e5
14.f5 Ne8 15.Ng3 Nd4 16.b3 Bc6 17.h4 f6 18.Nf2 Rb7 19.Nh3 Qc8
20.Rf2 a5 21.Raf1 Ra7 22.g5 gxf5 23.Bxd4 cxd4 24.Nxf5 1-0

[Event "Druzynowe Mistrzostwa Polski - II Liga S"]
[Site "Ustron/Slaski Zwiazek Szachowy"]
[Date "2008.09.07"]
[Round "2.86"]
[White "Swicarz, Maciej"]
[Black "Tustanowski, Robert"]
[Result "0-1"]
[WhiteElo "2284"]
[BlackElo "2281"]
[PlyCount "80"]
[EventDate "2008.??.??"]

1. e4 d6 2. Nc3 g6 3. d4 Bg7 4. Be3 Nd7 5. Qd2 a6 6. a4 e6 7. Be2 h6 8. f4 Ne7
9. Bf3 Rb8 10. Nge2 f5 11. g4 fxg4 12. Bxg4 Nf6 13. Bh3 b5 14. Qd3 b4 15. Nb1
Nxe4 16. Rg1 d5 17. Nd2 Nxd2 18. Kxd2 O-O 19. Rg2 a5 20. Rag1 Rb6 21. Bf2 Qe8
22. Qe3 Kh7 23. b3 Qf7 24. Qg3 Rc6 25. Be3 Ba6 26. Nc1 Rg8 27. Bf2 Rc3 28. Be3
c5 29. f5 exf5 30. Qh4 Rxe3 31. Kxe3 Bxd4+ 32. Kd2 g5 33. Qg3 g4 34. Rh1 f4 35.
Qh4 Nf5 36. Qxg4 Ne3 37. Qxg8+ Qxg8 38. Bf5+ Nxf5 39. Rxg8 Bc3+ 40. Kd1 Ne3#
0-1

[Event "Druzynowe Mistrzostwa Polski - II Liga S"]
[Site "Ustron/Slaski Zwiazek Szachowy"]
[Date "2008.09.07"]
[Round "2.87"]
[White "Siekaniec, Jan"]
[Black "Lercel, Michal"]
[Result "1/2-1/2"]
[WhiteElo "2184"]
[BlackElo "2178"]
[PlyCount "38"]
[EventDate "2008.??.??"]

1. e4 d5 2. exd5 Nf6 3. Nf3 Nxd5 4. d4 e6 5. Be2 Be7 6. O-O O-O 7. Re1 b6 8.
Ne5 Bb7 9. Bf3 Qc8 10. Qe2 c5 11. dxc5 Bxc5 12. c4 Ne7 13. Na3 Nbc6 14. Nxc6
Nxc6 15. Nc2 Qc7 16. Bg5 h6 17. Bh4 Bd6 18. Bg3 Bxg3 19. hxg3 Rfd8 1/2-1/2